01236nam a2200289 i 4500001001000000003000900010005001700019007000300036008004100039040003000080082001900110100006100129245005600190264004700246300003300293336002700326337003300353338002800386490002400414500008300438590002700521910001400548942001400562952019900576952015400775999001700929000032212DO-SdBNP20250430120255.0ta110713s1982 dr 000 0 spa d aDO-SdBNPbspacBNPHUerda axxxbH967l2221 aHurtado de Mendoza, Diegod1503-1575915005eautor4aut.13aEl lazarillo de Tormes /cDiego Hurtado de Mendoza. 1aSanto Domingo :bCentral de libros,c1982. a85 páginasc17 cm.c21 cm. atextobtxt2rdacontent asin mediaciónbn2rdamedia avolumenbnc2rdacarrier1 aAutores clásicos  aLos 2 ejemplares que posee la biblioteca Nacional son de tamaños diferentes. aInventariado, 2025/ YL aYLockward 2ddccLBS1 00102ddc51708PDaBNPHUbBNPHUcHDd2011-07-13iLF1l0oBNPHU PD xxx H967lp32212-10r2020-06-25w2020-06-25yLBS1zPerteneció a la colección Juan Isidro Jiménez GrullónZNo se presta 00102ddc51708PDaBNPHUbBNPHUcHDd2018-04-27eDonado por Rolando MeloiLF1l0oBNPHU PD xxx H967lp2025-3849r2025-04-30te. 2w2020-06-25yLBS1 c31703d31703